|
|
|
|
| LEADER |
00000nab a2200000 a 4500 |
| 001 |
vtls001495249 |
| 003 |
SK-MaSNL |
| 005 |
20260304171837.0 |
| 008 |
250505c2003 xo g 0 slo |
| 015 |
|
|
|a SNBCL2005/2
|
| 035 |
|
|
|a (uuid)9dabaa85-6ab4-450a-ba1e-0925bbbad76f
|
| 035 |
|
|
|a urn:nbn:sk:snk-abubr
|
| 035 |
|
|
|a (urnnbn)urn:nbn:sk:snk:ar-a03fyk
|
| 040 |
|
|
|a SNKBUCL
|b slo
|c SNKBUCL
|e AACR2
|
| 041 |
0 |
|
|a eng
|
| 044 |
|
|
|a xo
|c SK
|
| 080 |
|
|
|a 616.381-072.1-089.5-053.2:061.3
|2 1981
|
| 245 |
0 |
0 |
|a Laparoscopy in children (view of anaesthesiologists)
|c D. Csomor ... [et al.]
|
| 650 |
0 |
7 |
|a laparoskopia
|2 snkbucl
|9 14478
|
| 650 |
0 |
7 |
|a anestézia
|2 snkbucl
|9 14352
|
| 650 |
0 |
7 |
|a chirurgické techniky
|2 snkbucl
|9 1500733
|
| 650 |
0 |
7 |
|a metódy
|2 snkbucl
|9 3855
|
| 650 |
0 |
7 |
|a deti
|2 snkbucl
|9 773
|
| 650 |
0 |
7 |
|a abstrakty z kongresu
|2 MESH
|9 168204
|
| 700 |
1 |
|
|a Csomor, Daniel
|4 aut
|9 404869
|
| 700 |
1 |
|
|a Telgarsky, B.
|4 aut
|9 1299894
|
| 700 |
1 |
|
|a Köppl, Jozef,
|d 1970-
|4 aut
|9 13049
|
| 700 |
1 |
|
|a Gašparec, Peter,
|d 1951-
|4 aut
|9 174551
|
| 700 |
1 |
|
|a Cingel, Vladimír,
|d 1960-2016
|4 aut
|9 71156
|
| 773 |
0 |
|
|t Bratislavské lekárske listy
|g Vol. 104, no. 9 (2003), s. 272-273
|x 0006-9248
|
| 850 |
|
|
|a Slovenská národná knižnica
|
| 852 |
|
|
|a Slovenská národná knižnica
|
| 958 |
|
|
|a article27
|
| 958 |
|
|
|a OND
|
| 958 |
|
|
|a EUIPO
|
| 999 |
|
|
|c 2995233
|d 2997163
|